LEADER 02016oam 2200589 450 001 9910715251903321 005 20210125095139.0 035 $a(CKB)5470000002509505 035 $a(OCoLC)1143006528 035 $a(EXLCZ)995470000002509505 100 $a20200304d1932 ua 0 101 0 $aeng 135 $aurbn||||||||| 181 $ctxt$2rdacontent 182 $cc$2rdamedia 183 $acr$2rdacarrier 200 10$aCharacteristics of an airfoil as affected by fabric sag /$fby Kenneth E. Ward 210 1$aWashington, [D.C.] :$cNational Advisory Committee for Aeronautics,$d1932. 215 $a1 online resource (5 pages, 4 unnumbered pages) $cillustrations 225 1 $aTechnical note / National Advisory Committee for Aeronautics ;$vNo. 428 300 $a"August, 1932." 300 $aNo Federal Depository Library Program (FDLP) item number. 320 $aIncludes bibliographical references (page 5). 606 $aAerofoils$xTesting 606 $aAirplanes$xFabrics 606 $aAirplanes$xWings$xModels 606 $aTextile fabrics$xTesting 606 $aWind tunnel testing 606 $aAerofoils$xTesting$2fast 606 $aAirplanes$xFabrics$2fast 606 $aTextile fabrics$xTesting$2fast 606 $aWind tunnel testing$2fast 615 0$aAerofoils$xTesting. 615 0$aAirplanes$xFabrics. 615 0$aAirplanes$xWings$xModels. 615 0$aTextile fabrics$xTesting. 615 0$aWind tunnel testing. 615 7$aAerofoils$xTesting. 615 7$aAirplanes$xFabrics. 615 7$aTextile fabrics$xTesting. 615 7$aWind tunnel testing. 700 $aWard$b Kenneth E$g(Kenneth Elmer),$01387383 712 02$aUnited States.$bNational Advisory Committee for Aeronautics, 801 0$bTRAAL 801 1$bTRAAL 801 2$bOCLCO 801 2$bOCLCF 801 2$bGPO 906 $aBOOK 912 $a9910715251903321 996 $aCharacteristics of an airfoil as affected by fabric sag$93542290 997 $aUNINA LEADER 07217nam 22008055 450 001 9910299741403321 005 20200701134844.0 010 $a3-319-07839-9 024 7 $a10.1007/978-3-319-07839-7 035 $a(CKB)3710000000205475 035 $a(EBL)1783083 035 $a(SSID)ssj0001295617 035 $a(PQKBManifestationID)11766070 035 $a(PQKBTitleCode)TC0001295617 035 $a(PQKBWorkID)11343419 035 $a(PQKB)10250006 035 $a(MiAaPQ)EBC1783083 035 $a(DE-He213)978-3-319-07839-7 035 $a(PPN)179923145 035 $a(EXLCZ)993710000000205475 100 $a20140726d2014 u| 0 101 0 $aeng 135 $aur|n|---||||| 181 $ctxt 182 $cc 183 $acr 200 10$aConcise Dictionary of Engineering $eA Guide to the Language of Engineering /$fby Ron Hanifan 205 $a1st ed. 2014. 210 1$aCham :$cSpringer International Publishing :$cImprint: Springer,$d2014. 215 $a1 online resource (269 p.) 300 $aDescription based upon print version of record. 311 $a1-322-13699-8 311 $a3-319-07838-0 327 $aPreface; Acknowledgments; Contents; About the Author; A; Abbe Constant; Abbreviation; Aberration; Aberration, Chromatic; Aberration, Chromatic, Lateral; Aberration, Chromatic, Longitudinal; Aberration, Spherical; Aberration, Spherochromatic; Ablation; Ablative Materials; Ablative Plastic; Abort; Abrasion Soldering; Abrasive; Absolute Altitude; Absolute Coordinates; Absolute Data; Absolute Delay; Absolute Error; Absolute Machine Code; Absolute Measurement; Absolute Vector; Absolute Velocity; Absolute Zero; Absorber; Absorption; Absorption Loss; Absorption Modulation 327 $aAbstraction Accelerated Aging; Accelerated Life Test; Accelerating Potential; Acceleration Blowout; Acceleration Feedback; Accelerator; Accelerometer, Guided Missile; Accelerometer, Integrating; Acceptability Criteria; Acceptable Quality Level (AQL); Acceptable Weld; Acceptance; Acceptance Angle; Acceptance Cone; Acceptance Criteria; Acceptance Number; Acceptance Testing; Acceptance Tests; Acceptance Trial; Access Category; Access Code; Access Control; Access-Control Mechanisms; Access Holes; Accessibility; Accessible; Access Line; Access Node; Accessory 327 $aAccess Phase Access Request; Access Time; Accident; Accreditation; Accumulator; Accuracy; Accuracy Augmentation Routine; Accuracy Enhancement; Accuracy Rating; Acetate Base; Acetate Film; Acknowledge Character; Acknowledgment; Acoustic Coupler; Acquiring Activity; Acquisition Instrument Identification Number; Active Testing; Actual Fit; Actual Size; Adaptive Equalization; Adaptive Routing; Adaptive System; Addendum; Adder; Adder-Subtracter; Additive Process; Address; Addressability; Addressable Horizontal Positions; Addressable Point 327 $aAddressable Vertical Positions Address Field; Address Message Sequencing; Address Pattern; Adhesion; Adhesion Promotion; Adhesive; Adjacent Views; Adjust; Adjustment and Calibration Time; Administration; Administrative Control Number; Administrative Time; Adopted Items; Advisory Signal; Aerial Cable; Aero Ballistic Missile; Aerodynamic Damping; Aerodynamic Forces; Aerodynamic Heating; Aerodynamic Lifting Surfaces; Aerodynamic Loads; Aerodynamic Missile; Aerodynamic Trajectory; Aeronautical Earth Station; Aero Pulse; Aerospace, Airborne, Space; Afocal; Afterburning 327 $aAging Aided Communication; Air Acetylene Welding; Airborne, Space, Aerospace; Airborne Radio Relay; Air Carbon Arc Cutting; Aircraft; Aircraft Station; Aircraft Station Interface; Aircraft/Store Electrical Interconnection System; Air Conditioning; Air Portable; Air Sounding; Air Terminal; Alclad Sheet; ALGOL (Algorithmic Language); Align; Aligned Bundle; Alignment; Alignment Kit; Alignment Mark (Printed Board); Alignment Tube; Aliquot; Allocated Baseline (ABL); Allocated Configuration Documentation (ACD); All Over; Allowance; Alloy; Alloy Steel (Low-Alloy Steel) 327 $aAlphanumeric 330 $aThis reference defines the principle and most commonly used terms found in engineering documents and drawings across multiple disciplines and explains them in plain, unambiguous English. Concise Dictionary of Engineering: A Guide to the Language of Engineering also distinguishes how some terms take on different meanings in different engineering contexts?critical knowledge when working on collaborative projects with diverse elements and colleagues. Based on an edition developed for researchers and technicians at Lockheed Martin, each entry in this volume is written in clear, everyday English without confusing jargon and ?techno-speak.? The book is ideal for students, professional engineers, industrial personnel, managers, and anyone else who requires a solid understanding of the language of engineers. This dictionary also: ·         Clarifies technical terms often intermixed or misused ·         Spans a range of engineering disciplines, including mechanical, electrical, materials, and civil ·         Provides in one source a reference compiled from the most-authoritative sources, including technical literature, military and industrial handbooks, commercial specifications, and standards documents ·         Serves as a handy reference for engineers in the field and as a study guide for the PE exam. 606 $aEngineering?Vocational guidance 606 $aEngineering design 606 $aMechanical engineering 606 $aCivil engineering 606 $aElectrical engineering 606 $aEngineering?Materials 606 $aJob Careers in Science and Engineering$3https://scigraph.springernature.com/ontologies/product-market-codes/T13009 606 $aEngineering Design$3https://scigraph.springernature.com/ontologies/product-market-codes/T17020 606 $aMechanical Engineering$3https://scigraph.springernature.com/ontologies/product-market-codes/T17004 606 $aCivil Engineering$3https://scigraph.springernature.com/ontologies/product-market-codes/T23004 606 $aElectrical Engineering$3https://scigraph.springernature.com/ontologies/product-market-codes/T24000 606 $aMaterials Engineering$3https://scigraph.springernature.com/ontologies/product-market-codes/T28000 615 0$aEngineering?Vocational guidance. 615 0$aEngineering design. 615 0$aMechanical engineering. 615 0$aCivil engineering. 615 0$aElectrical engineering. 615 0$aEngineering?Materials. 615 14$aJob Careers in Science and Engineering. 615 24$aEngineering Design. 615 24$aMechanical Engineering. 615 24$aCivil Engineering. 615 24$aElectrical Engineering. 615 24$aMaterials Engineering. 676 $a603 700 $aHanifan$b Ron$4aut$4http://id.loc.gov/vocabulary/relators/aut$0720629 906 $aBOOK 912 $a9910299741403321 996 $aConcise Dictionary of Engineering$91954337 997 $aUNINA LEADER 04387nam 22008773u 450 001 9910817345103321 005 20251116163937.0 010 $a1-118-71047-9 010 $a1-283-17529-0 010 $a9786613175298 010 $a0-470-95972-X 035 $a(CKB)2550000000039147 035 $a(EBL)700348 035 $a(OCoLC)747409432 035 $a(SSID)ssj0000523286 035 $a(PQKBManifestationID)11319490 035 $a(PQKBTitleCode)TC0000523286 035 $a(PQKBWorkID)10542166 035 $a(PQKB)10166894 035 $a(MiAaPQ)EBC700348 035 $a(EXLCZ)992550000000039147 100 $a20131014d2011|||| u|| | 101 0 $aeng 135 $aur|n|---||||| 181 $ctxt 182 $cc 183 $acr 200 10$aHuman Oral Mucosa $eDevelopment, Structure and Function 205 $a1st ed. 210 $aHoboken $cWiley$d2011 215 $a1 online resource (178 p.) 300 $aDescription based upon print version of record. 311 08$a0-8138-1486-3 327 $aHuman Oral Mucosa: Development, Structure, and Function; Contents; Preface; 1: The functions of oral mucosa; 1.1 ORAL MUCOSA: WHAT IS IT AND WHAT DOES IT DO ?; 1.2 FUNCTIONS OF THE ORAL MUCOSA; REFERENCES; 2: The organization of oral mucosa; 2.1 CLINICAL FEATURES; 2.2 COMPONENT TISSUES AND GLANDS; REFERENCES; 3: Oral epithelium; 3.1 HISTOLOGICAL STRUCTURE OF ORAL EPITHELIUM; 3.2 EPITHELIAL PROLIFERATION AND TURNOVER; 3.3 MOLECULAR AND CELLULAR ORGANIZATION OF ORAL EPITHELIUM; 3.4 NON-KERATINOCYTES IN THE ORAL EPITHELIUM; REFERENCES; 4: The interface between epithelium and connective tissue 327 $a4.1 ORGANIZATION OF THE NORMAL INTERFACE4.2 IMMUNE-MEDIATED SUBEPITHELIAL BLISTERING DISEASES (IMSEBDS); REFERENCES; 5: Connective tissue; 5.1 LAMINA PROPRIA; 5.2 BLOOD SUPPLY; 5.3 NERVE SUPPLY; REFERENCES; 6: Regional differences in the oral mucosa; 6.1 STRUCTURAL VARIATIONS IN DIFFERENT REGIONS; 6.2 JUNCTIONS IN THE ORAL MUCOSA; REFERENCES; 7: Development and aging of the oral mucosa; 7.1 DEVELOPMENTAL STAGES OF ORAL MUCOSA; 7.2 THE CONTROL OF MUCOSAL DEVELOPMENT: EPITHELIAL-MESENCHYMAL INTERACTION; 7.3 AGING; REFERENCES; 8: Barrier functions of oral mucosa; 8.1 THE PERMEABILITY BARRIER 327 $a8.2 IMMUNOLOGIC BARRIER FUNCTION OF ORAL MUCOSAREFERENCES; 9: Homologies in structure and function among mucosae: oral, esophageal, and vaginal mucosa; 9.1 ESOPHAGUS; 9.2 VAGINA; 9.3 ORGANIZATION OF THE TISSUES OF ESOPHAGUS AND VAGINA; 9.4 NON-KERATINOCYTES IN ESOPHAGEAL AND VAGINAL MUCOSA; 9.5 INFLAMMATORY CELLS; REFERENCES; Index 330 $aHuman Oral Mucosa: Development, Structure and Function is a new text that reflects the considerable increase in knowledge of oral mucosa that has occurred in recent years. Our understanding of the structure of oral mucosa is now established at a molecular rather than a tissue or cellular level. This in turn has revealed a level of function that was previously not suspected, including a sophisticated barrier to the penetration of exogenous materials, and the synthesis of specific antimicrobial compounds, representing components of the innate immune system. There is also a growing realiza 606 $aMouth Mucosa 606 $aOral mucosa 606 $aOral mucosa 606 $aOral mucosa 606 $aMouth 606 $aMucous Membrane 606 $aStomatognathic System 606 $aMembranes 606 $aTissues 606 $aAnatomy 606 $aMouth Mucosa 606 $aHuman Anatomy & Physiology$2HILCC 606 $aHealth & Biological Sciences$2HILCC 606 $aPhysiology$2HILCC 615 4$aMouth Mucosa. 615 4$aOral mucosa. 615 4$aOral mucosa. 615 0$aOral mucosa. 615 2$aMouth. 615 2$aMucous Membrane. 615 2$aStomatognathic System. 615 2$aMembranes. 615 2$aTissues. 615 2$aAnatomy. 615 2$aMouth Mucosa. 615 7$aHuman Anatomy & Physiology 615 7$aHealth & Biological Sciences 615 7$aPhysiology 676 $a612.3/1 676 $a612.31 700 $aSquier$b Christopher$01623479 701 $aBrogden$b Kim$01623480 801 0$bAU-PeEL 801 1$bAU-PeEL 801 2$bAU-PeEL 906 $aBOOK 912 $a9910817345103321 996 $aHuman Oral Mucosa$93957882 997 $aUNINA